01350 a2200241 4500003000500000005001700005010001700022020001500039040000900054082001300063100001600076245007800092260003100170300003500201505060300236538003500839650004100874650002500915650003400940942001200974999001900986952010301005Nust20170207154206.0 a 78018922  a0471034967 cNust00a621.38191 aHwang, Kai.10aComputer arithmetic :bprinciples, architecture, and design /cKai Hwang. aNew York :bWiley,cc1979. axiii, 423 p. :bill. ;c24 cm. aComputer Arithmetic and Number System (Page-1) Integrated Circuits and Devices (Page-31) Fast Two-Operand Adders/Sub tractors (Page-69) Multioperand Adders, Signed – Signed-Digit Arithmetic and ALU(Page-97) Standard and Recoded Multipliers (Page-129) Iterative Cellular Array Multipliers (Page-161) Standard and High-Radix Dividers (Page-213) Convergence Division and Cellular Array Dividers (Page-251) Normalized Floating –Point Arithmetic Processors (Page-285) Advanced Topics on Floating -Point Arithmetic (Page-321)Elementary Factions, Pipelined Arithmetic, and Error Control (Page-359)  aAlmirah No. 130 and Shelf No.4 0aComputer arithmetic and logic units. 0aComputer arithmetic. 0aElectronic digital computers. 2ddccBK c194861d194861 00102ddc40708NFICaMCSbMCSd2016-12-12l0o621.3819 HWApMCS1756r2016-12-08w2016-12-12yBK